00540nam a2200193Ia 4500008004100000020001800041050001400059100002800073245004600101245006900147260001500216260001600231260000900247300001400256300002700270300001000297440003100307500000800338170918s9999 xx 000 0 und d a9780545349697 bL677 2011 aLewison, Wendy Cheyette aSilly Milly and the mysterious suitcase / cWendy Cheyette Lewison ; illustrated by Nadine Bernard Westcott. aNew York : bScholastic, c2011 aunpaged : bcolored illustration ; c23cm. aScholastic reader level 1. a300